Loading...
| Mythology | 0 | 4 | 0 | 3 | 40 | 65 | 96.75 | 0 | 0 | 6.28 | 8.06 |
| Science - Biology | 0 | 4 | 1 | 1 | 35 | 17 | 74.75 | 0 | 1 | 9.54 | 14.58 |
| Science - Chemistry | 0 | 3 | 0 | 0 | 30 | 68 | 74.33 | 0 | 1 | 7.99 | 22.08 |
| Religion | 0 | 3 | 0 | 0 | 30 | 55 | 83.00 | 0 | 2 | 7.72 | 18.89 |
| Painting/Sculpture | 0 | 3 | 1 | 0 | 25 | 67 | 94.33 | 0 | 1 | 4.21 | 16.67 |
| Fine Arts - Other | 0 | 3 | 1 | 1 | 25 | 28 | 74.67 | 0 | 1 | 10.66 | 14.44 |
| Social Science | 0 | 3 | 1 | 2 | 25 | 94 | 103.33 | 0 | 1 | 1.78 | 17.01 |
| Science - Other | 0 | 2 | 0 | 0 | 20 | 23 | 34.00 | 1 | 2 | 13.68 | 17.78 |
| Literature - British | 0 | 2 | 0 | 0 | 20 | 92 | 103.00 | 0 | 0 | 2.26 | 6.67 |
| History - European | 0 | 2 | 0 | 0 | 20 | 22 | 69.00 | 0 | 1 | 7.77 | 7.78 |
| Literature - World | 0 | 1 | 0 | 0 | 10 | 86 | 86.00 | 0 | 1 | 2.32 | 5.56 |
| Literature - European | 0 | 1 | 0 | 0 | 10 | 121 | 121.00 | 0 | 1 | 0.08 | 7.78 |
| Fine Arts - Classical Music | 0 | 2 | 2 | 0 | 10 | 39 | 64.50 | 1 | 1 | 9.05 | 14.44 |
| Science - Physics | 0 | 1 | 0 | 0 | 10 | 102 | 102.00 | 0 | 0 | 0.00 | 1.11 |
| History - World | 0 | 1 | 1 | 0 | 5 | 61 | 61.00 | 0 | 1 | 4.08 | 7.78 |
| History - Other | 0 | 1 | 2 | 0 | 0 | 83 | 83.00 | 0 | 0 | 2.24 | 3.33 |
| Geography | 0 | 0 | 1 | 0 | -5 | 0.00 | 0 | 0 | 0.00 | 0.00 |